[Event "GCT 2021 Parigi - Blitz"]
[Site "Parigi"]
[Date "21.06.2021"]
[Round "1B"]
[White "Vachier-Lagrave, Maxime"]
[Black "Kramnik, Vladimir"]
[Result "1-0"]
[WhiteTitle "GM"]
[BlackTitle "GM"]
[WhiteElo "2760"]
[BlackElo "2753"]
[WhiteFideId "623539"]
[BlackFideId "4101588"]
[EventDate "2021.06.21"]

1. c4 c5 2. g3 g6 3. Bg2 Bg7 4. Nf3 Nc6 5. Nc3 d6 6. O-O Bf5 7. b3 Nf6 8. Bb2
O-O 9. d4 cxd4 10. Nxd4 Nxd4 11. Qxd4 Ne4 12. Qe3 Nxc3 13. Bxc3 Bxc3 14. Qxc3
Qc7 15. a4 a5 16. Rad1 Rac8 17. h4 b6 18. h5 gxh5 19. Rd5 e6 20. Rb5 d5 21. Rc1
dxc4 22. bxc4 Qd7 23. Rxb6 Qxa4 24. c5 h4 25. c6 hxg3 26. Qxg3+ Kh8 27. c7 Qd4
28. Rd6 Qb2 29. Qc3+ Qxc3 30. Rxc3 e5 31. Bb7 Rce8 32. f3 Kg7 33. Ra6 Bc8 34.
Bxc8 Rxc8 35. Rxa5 f6 36. Rc6 Rf7 37. Rac5 Rd7 38. Kf2 Kf7 39. Kg3 Kg6 40. Kg4
h5+ 41. Kh4 Re7 42. e4 Rd7 43. Kg3 Rh7 44. Rxe5 Rcxc7 45. Ra6 h4+ 46. Kh3 Rcf7
47. Rf5 Rh5 48. Rf4 Rf8 49. Rg4+ Rg5 50. Kxh4 Rxg4+ 51. Kxg4 Re8 52. Kf4 Re7 53.
Ke3 Kf7 54. f4 Rb7 55. Kf3 Rb4 56. Ra7+ Kf8 57. Rc7 Ra4 58. Ke3 Rb4 59. Kd3 Ra4
60. Rc4 Ra1 61. Kd4 Rf1 62. f5 Rd1+ 63. Kc5 Ke7 64. Kc6 Rd6+ 65. Kb7 Rd1 66. Rc6
Rd7+ 67. Kb6 Rd1 68. Re6+ Kf7 69. Kc7 Rd4 70. Kc6 Ra4 71. Kc5 Ra5+ 72. Kb4 Ra8
73. Kb5 Ra1 74. Rc6 Re1 75. Rc7+ Kf8 76. Rc4 Ke7 77. Kc6 Re2 78. Kb7 Rb2+ 79.
Kc7 Re2 80. Kc6 Re1 81. Ra4 Rc1+ 82. Kd5 Rd1+ 83. Kc5 Rc1+ 84. Kd4 Rd1+ 85. Ke3
Re1+ 86. Kf2 Rb1 87. Ra7+ Ke8 88. Kf3 Re1 89. Kg4 Rh1 90. Rb7 Kf8 91. e5 fxe5
92. Kg5 e4 93. Kg6 Rg1+ 94. Kf6 Kg8 95. Rb8+ Kh7 96. Re8 Re1 97. Kf7 e3 98. f6 1-0

[Event "GCT 2021 Parigi - Blitz"]
[Site "Parigi"]
[Date "21.06.2021"]
[Round "1B"]
[White "Svidler, Peter"]
[Black "Aronian, Levon"]
[Result "0-1"]
[WhiteTitle "GM"]
[BlackTitle "GM"]
[WhiteElo "2714"]
[BlackElo "2781"]
[WhiteFideId "4102142"]
[BlackFideId "13300474"]
[EventDate "2021.06.21"]

1. e4 e5 2. Nf3 Nc6 3. Bb5 a6 4. Ba4 Nf6 5. O-O b5 6. Bb3 Bc5 7. a4 Rb8 8. Nxe5
Nxe5 9. d4 Bxd4 10. Qxd4 d6 11. Bf4 c5 12. Qe3 c4 13. Ba2 O-O 14. Nc3 b4 15. Ne2
Qc7 16. Rad1 Re8 17. Qd4 Rb6 18. f3 Be6 19. Be3 Rc6 20. Qa7 Qa5 21. c3 Nd3 22.
cxb4 Qxa4 23. Bb1 Nxb2 24. Rc1 Qxb4 25. Nd4 Rcc8 26. Qxa6 c3 27. Qb5 Qa3 28.
Nxe6 fxe6 29. Bc2 Nc4 30. Bd4 e5 31. Bf2 Qb2 32. Qb3 d5 33. exd5 Qxb3 34. Bxb3
Nd2 35. Ba2 Nxf1 36. Kxf1 e4 37. d6+ Kf8 38. Bb6 Rc6 39. Ba5 exf3 40. d7 Nxd7
41. Bb4+ Re7 42. Re1 Nc5 0-1

[Event "GCT 2021 Parigi - Blitz"]
[Site "Parigi"]
[Date "21.06.2021"]
[Round "2B"]
[White "Rapport, Richard"]
[Black "Aronian, Levon"]
[Result "1/2-1/2"]
[WhiteTitle "GM"]
[BlackTitle "GM"]
[WhiteElo "2763"]
[BlackElo "2781"]
[WhiteFideId "738590"]
[BlackFideId "13300474"]
[EventDate "2021.06.21"]

1. Nf3 d5 2. g3 g6 3. c4 dxc4 4. Na3 Bg7 5. Nxc4 Be6 6. Qc2 c5 7. Bg2 Nc6 8. O-O
Nh6 9. Ne3 Rc8 10. Qxc5 Nd4 11. Qxa7 Nxe2+ 12. Kh1 O-O 13. d4 Nf5 14. Nxf5 Bxf5
15. Qxb7 Nxc1 16. Raxc1 Rb8 17. Qa7 Rxb2 18. Ne5 Bxe5 19. dxe5 Be6 20. a4 Bd5
21. Rfd1 Bxg2+ 22. Kxg2 Qa8+ 23. Qxa8 Rxa8 24. Rc4 Ra5 25. Re4 Ra2 26. Rdd4 Kg7
27. h4 h6 28. Rc4 g5 29. h5 Rd5 30. Rcd4 Rc5 31. Rc4 Rd5 32. Rcd4 Rc5 33. Rc4 1/2-1/2

[Event "GCT 2021 Parigi - Blitz"]
[Site "Parigi"]
[Date "21.06.2021"]
[Round "2B"]
[White "Firouzja, Alireza"]
[Black "Vachier-Lagrave, Maxime"]
[Result "1-0"]
[WhiteTitle "GM"]
[BlackTitle "GM"]
[WhiteElo "2759"]
[BlackElo "2760"]
[WhiteFideId "12573981"]
[BlackFideId "623539"]
[EventDate "2021.06.21"]

1. e4 c5 2. Nf3 e6 3. d4 cxd4 4. Nxd4 Nf6 5. Nc3 Nc6 6. Be2 a6 7. Nxc6 bxc6 8.
e5 Nd5 9. Ne4 Qc7 10. Nd6+ Bxd6 11. exd6 Qb6 12. c4 Nf6 13. O-O c5 14. Be3 Ne4
15. Bf3 Bb7 16. b4 Qxd6 17. Bxe4 Qxd1 18. Bxb7 Qa4 19. Bxa8 cxb4 20. Rfd1 O-O
21. Bf3 Rc8 22. c5 a5 23. h3 f6 24. Rd2 Rc7 25. Rad1 h6 26. Bh5 Kf8 27. Bf4 Ra7
28. Bb8 Rb7 29. Bd6+ Kg8 30. Be8 b3 31. axb3 Qxb3 32. Be7 a4 33. Bxd7 a3 34. c6
Ra7 35. Bc5 Ra5 36. Bxa3 1-0

[Event "GCT 2021 Parigi - Blitz"]
[Site "Parigi"]
[Date "21.06.2021"]
[Round "2B"]
[White "So, Wesley"]
[Black "Radjabov, Teimour"]
[Result "1-0"]
[WhiteTitle "GM"]
[BlackTitle "GM"]
[WhiteElo "2770"]
[BlackElo "2765"]
[WhiteFideId "5202213"]
[BlackFideId "13400924"]
[EventDate "2021.06.21"]

1. e4 e6 2. d4 d5 3. Nc3 Nf6 4. e5 Nfd7 5. f4 c5 6. Nf3 Nc6 7. Be3 cxd4 8. Nxd4
Qb6 9. Qd2 Qxb2 10. Rb1 Qa3 11. Bb5 Nxd4 12. Bxd4 a6 13. Bxd7+ Bxd7 14. Rb3 Qe7
15. Rxb7 Rc8 16. O-O Qd8 17. Qe3 Rc4 18. Rfb1 Be7 19. f5 Bg5 20. Qd3 O-O 21.
R1b6 Bc6 22. Ra7 exf5 23. Rbxa6 Qc8 24. a4 f4 25. Ne2 Bd7 26. c3 Bf5 27. Qd2 Be4
28. e6 Rc7 29. h4 Bh6 30. Rxc7 Qxc7 31. Ra7 Qb8 32. exf7+ Rxf7 33. Rxf7 Kxf7 34.
Qa2 Qc8 35. Qb2 Kg6 36. Kf1 Kh5 37. Ng1 Bd3+ 38. Kf2 Qg4 39. Nf3 Be4 40. Qe2 g5
41. hxg5 Bxg5 42. a5 Bd8 43. a6 Kh6 44. a7 Qc8 45. Qa2 Qa8 46. Qa6+ Kh5 47. Qe6 1-0

[Event "GCT 2021 Parigi - Blitz"]
[Site "Parigi"]
[Date "21.06.2021"]
[Round "2B"]
[White "Nepomniachtchi, Ian"]
[Black "Caruana, Fabiano"]
[Result "1-0"]
[WhiteTitle "GM"]
[BlackTitle "GM"]
[WhiteElo "2792"]
[BlackElo "2820"]
[WhiteFideId "4168119"]
[BlackFideId "2020009"]
[EventDate "2021.06.21"]

1. e4 e5 2. Nf3 Nc6 3. Bc4 Nf6 4. d3 h6 5. Nc3 Bc5 6. h3 d6 7. Na4 Bb6 8. a3 Be6
9. Bxe6 fxe6 10. b4 O-O 11. O-O Qe8 12. c4 Nd4 13. Nxb6 Nxf3+ 14. Qxf3 axb6 15.
Qe2 Qg6 16. Ra2 Nh5 17. Qg4 Kh7 18. Qxg6+ Kxg6 19. a4 Nf6 20. Be3 Nd7 21. Rfa1
Nb8 22. a5 bxa5 23. Rxa5 Rxa5 24. Rxa5 Na6 25. b5 Nb4 26. Ra3 c5 27. Bd2 Nc2 28.
Ra7 Rf7 29. f3 Rd7 30. Kf2 Kf6 31. Ra2 Nd4 32. Bc3 d5 33. Ra8 dxc4 34. dxc4 b6
35. Ra6 Rb7 36. Ke3 g5 37. Kd3 h5 38. Be1 h4 39. Bf2 Kf7 40. Be3 Kf6 41. Bd2 Nb3
42. Bc3 Nd4 43. Ra8 Rd7 44. Ke3 Rb7 45. Kf2 Nb3 46. Ra3 Nd4 47. Bd2 Rd7 48. Bc1
Rd8 49. Ra6 Rb8 50. Ra7 Kg6 51. Be3 Kf6 52. g3 Kg6 53. Ra6 Rb7 54. Ra8 Rf7 55.
Bxd4 cxd4 56. gxh4 gxh4 57. Rb8 Rc7 58. Rxb6 Rxc4 59. Rxe6+ Kf7 60. Rxe5 Rc2+
61. Kf1 Rc3 62. Ke2 Rc2+ 63. Kd3 Rc3+ 64. Kxd4 1-0

[Event "GCT 2021 Parigi - Blitz"]
[Site "Parigi"]
[Date "21.06.2021"]
[Round "3B"]
[White "Caruana, Fabiano"]
[Black "Rapport, Richard"]
[Result "1/2-1/2"]
[WhiteTitle "GM"]
[BlackTitle "GM"]
[WhiteElo "2820"]
[BlackElo "2763"]
[WhiteFideId "2020009"]
[BlackFideId "738590"]
[EventDate "2021.06.21"]

1. e4 c5 2. Nf3 e6 3. d4 cxd4 4. Nxd4 Nf6 5. Nc3 Nc6 6. a3 Be7 7. Nxc6 bxc6 8.
e5 Nd5 9. Qg4 Kf8 10. Bd2 h5 11. Qe4 Rb8 12. b3 f5 13. exf6 Bxf6 14. Qf3 Kg8 15.
Rd1 Nxc3 16. Bxc3 d5 17. Be2 e5 18. Qe3 Qb6 19. Qd2 Bf5 20. O-O h4 21. h3 Kh7
22. Rfe1 Rhf8 23. Bb4 e4 24. Bxf8 Rxf8 25. Rf1 Bg6 26. Bg4 Be5 27. Kh1 Bf4 28.
Qb4 Qd8 29. c4 Qf6 30. cxd5 Bd6 31. Qe1 cxd5 32. Rxd5 Qf4 33. Rxd6 Qxd6 34. b4
Qd3 35. f3 e3 36. Qxh4+ Kg8 37. Re1 Re8 38. f4 Qd2 39. f5 Bf7 40. f6 Qf2 41. Qg5
Qxf6 42. Qxf6 gxf6 43. Kh2 Bc4 44. Kg3 Kg7 45. Kf4 e2 46. Kf3 Rd8 47. Kf2 Rd2
48. Bxe2 Ra2 49. Kf3 Rxa3+ 50. Kf4 Bxe2 51. Rxe2 a5 52. bxa5 Rxa5 53. g4 Kg6 54.
h4 Ra4+ 55. Re4 Ra7 56. Rb4 Rc7 57. Ra4 Rb7 58. h5+ Kg7 59. Ra5 Re7 60. Kf5 Rc7
61. Rb5 Ra7 62. Rc5 Rb7 63. Ra5 Rc7 64. Rd5 Re7 65. Rd4 Re5+ 66. Kf4 Re7 67. Re4
Ra7 68. Rd4 Rb7 69. Rd5 Re7 70. Kf5 Ra7 71. Ke6 Ra4 72. Kf5 Ra7 73. Rb5 Rc7 74.
Ra5 Rb7 1/2-1/2

[Event "GCT 2021 Parigi - Blitz"]
[Site "Parigi"]
[Date "21.06.2021"]
[Round "3B"]
[White "Radjabov, Teimour"]
[Black "Nepomniachtchi, Ian"]
[Result "0-1"]
[WhiteTitle "GM"]
[BlackTitle "GM"]
[WhiteElo "2765"]
[BlackElo "2792"]
[WhiteFideId "13400924"]
[BlackFideId "4168119"]
[EventDate "2021.06.21"]

1. Nf3 Nf6 2. c4 e6 3. Nc3 d5 4. d4 Bb4 5. Bg5 h6 6. Bxf6 Qxf6 7. e3 O-O 8. Rc1
dxc4 9. Bxc4 c5 10. a3 cxd4 11. Nxd4 Bxc3+ 12. Rxc3 Bd7 13. O-O Nc6 14. Bb5 Rfd8
15. Bxc6 Bxc6 16. Qe2 Bd5 17. Rfc1 e5 18. Nf3 Bc6 19. Rc5 Rd5 20. Rxd5 Bxd5 21.
e4 Bc6 22. Qe3 Rd8 23. Ne1 Rd4 24. f3 Qd6 25. b4 a6 26. Qc3 h5 27. Qe3 h4 28. h3
f6 29. Kh2 Kh7 30. Qb3 Rd2 31. Qe3 Qd4 32. Nc2 Qd3 33. Qxd3 Rxd3 34. Ra1 Ba4 35.
Ne1 Rd2 36. Kg1 Kg6 37. Rc1 Bb5 38. Rc2 Rd1 39. Kf2 Ra1 40. Rc3 Ra2+ 41. Kg1 Kg5
42. Nc2 Kf4 43. Kh2 Be2 44. Ne1 g6 45. Nc2 f5 46. exf5 gxf5 47. a4 e4 48. fxe4
fxe4 49. Nd4 Bf1 50. Kg1 Bxg2 51. b5 Bf3 52. Nc2 Rxa4 53. Kf2 axb5 54. Ne3 Ra2+
55. Ke1 Re2+ 0-1

[Event "GCT 2021 Parigi - Blitz"]
[Site "Parigi"]
[Date "21.06.2021"]
[Round "3B"]
[White "Vachier-Lagrave, Maxime"]
[Black "So, Wesley"]
[Result "0-1"]
[WhiteTitle "GM"]
[BlackTitle "GM"]
[WhiteElo "2760"]
[BlackElo "2770"]
[WhiteFideId "623539"]
[BlackFideId "5202213"]
[EventDate "2021.06.21"]

1. Nf3 d5 2. e3 Nf6 3. c4 e6 4. b3 Be7 5. Bb2 O-O 6. d4 c5 7. Bd3 cxd4 8. exd4
b6 9. O-O Bb7 10. Nc3 Nbd7 11. Re1 Rc8 12. Rc1 Re8 13. Qe2 Nf8 14. Ne5 Ng6 15.
g3 Bf8 16. Red1 Qe7 17. h4 dxc4 18. bxc4 Nxe5 19. dxe5 Nd7 20. Nb5 Nc5 21. Nd6
Ba8 22. Bb1 Qc7 23. Nxe8 Rxe8 24. f3 Na4 25. Bd4 Nc5 26. Kg2 g6 27. h5 Bh6 28.
Rc3 Bg7 29. hxg6 hxg6 30. Qe3 Rd8 31. Rcc1 Rc8 32. Kf2 Nd7 33. Re1 Nc5 34. Bxc5
bxc5 35. f4 Qa5 36. Re2 Rd8 37. Be4 Bxe4 38. Qxe4 Rd4 39. Qf3 Bh6 40. Kg2 Kg7
41. Rb1 Qd8 42. Rb7 Rxc4 43. Rxa7 Rb4 44. a4 Rb1 45. Rf2 c4 46. Kh2 Qd4 47. Rc7
Rb3 48. Qg2 c3 49. a5 Ra3 50. Rc2 Ra1 51. R7xc3 Bxf4 52. Rc4 Bxg3+ 53. Qxg3 Qd1
54. Qg2 Qh5+ 55. Kg3 Qxe5+ 56. Kf2 Qe1+ 57. Kf3 Ra3+ 58. Kg4 f5+ 59. Kg5 Rg3+
60. Rg4 Rxg4+ 61. Qxg4 fxg4 62. Rc7+ Kf8 0-1

[Event "GCT 2021 Parigi - Blitz"]
[Site "Parigi"]
[Date "21.06.2021"]
[Round "3B"]
[White "Svidler, Peter"]
[Black "Firouzja, Alireza"]
[Result "1/2-1/2"]
[WhiteTitle "GM"]
[BlackTitle "GM"]
[WhiteElo "2714"]
[BlackElo "2759"]
[WhiteFideId "4102142"]
[BlackFideId "12573981"]
[EventDate "2021.06.21"]

1. e4 c5 2. Nf3 Nc6 3. Bb5 e6 4. O-O Nge7 5. Re1 a6 6. Bf1 d5 7. exd5 Nxd5 8. d4
Nf6 9. Be3 cxd4 10. Nxd4 Bd7 11. c4 Be7 12. Nc3 O-O 13. a3 Qc7 14. h3 Rad8 15.
Qe2 e5 16. Nxc6 Bxc6 17. Rad1 e4 18. Bd4 Rfe8 19. Qe3 Qc8 20. b4 Qf5 21. b5 axb5
22. cxb5 Bd7 23. a4 Bb4 24. Bxf6 gxf6 25. Rd4 Bc5 26. Qg3+ Qg6 27. Qxg6+ hxg6
28. Rdxe4 Bb4 29. Rxe8+ Bxe8 30. Re3 Kg7 31. g3 f5 32. Bg2 Bc5 33. Re2 b6 34.
Nd5 Bd7 35. Nf4 Bc8 36. Bc6 Rd4 37. Re8 Be6 38. Nxe6+ fxe6 39. Rxe6 Rd1+ 40. Kg2
Rd2 41. Be8 Rxf2+ 42. Kh1 Rf1+ 43. Kg2 Rf2+ 44. Kh1 g5 45. Rg6+ Kf8 46. Bd7 Rf1+
47. Kg2 Rf2+ 48. Kh1 Rf1+ 1/2-1/2

[Event "GCT 2021 Parigi - Blitz"]
[Site "Parigi"]
[Date "21.06.2021"]
[Round "3B"]
[White "Aronian, Levon"]
[Black "Kramnik, Vladimir"]
[Result "1/2-1/2"]
[WhiteTitle "GM"]
[BlackTitle "GM"]
[WhiteElo "2781"]
[BlackElo "2753"]
[WhiteFideId "13300474"]
[BlackFideId "4101588"]
[EventDate "2021.06.21"]

1. d4 Nf6 2. Nf3 e6 3. Bf4 d5 4. e3 Bd6 5. Nbd2 O-O 6. Bd3 b6 7. Ne5 c5 8. c3
Qc7 9. Bg5 Bxe5 10. dxe5 Qxe5 11. Nf3 Qd6 12. Bxf6 gxf6 13. Nh4 Qe5 14. Qg4+ Qg5
15. Qh3 f5 16. Be2 e5 17. f4 exf4 18. O-O fxe3 19. Nxf5 Nc6 20. Rf3 Kh8 21. Raf1
Ne7 22. Qh6 Qxh6 23. Nxh6 Be6 24. Rxe3 Ng8 25. Ng4 d4 26. cxd4 cxd4 27. Rd3 Bc4
28. Rd2 Bxe2 29. Rxe2 Rae8 30. Rd2 f5 31. Nf2 Rd8 32. Rfd1 Rfe8 33. Kf1 Nf6 34.
Rxd4 Rxd4 35. Rxd4 Kg7 36. Nd3 Rc8 37. Rf4 Nd5 38. Rd4 Nf6 39. Ra4 a5 40. b4 Rc4
41. Ra3 axb4 42. Ra7+ Kh6 43. Ke2 Re4+ 44. Kd2 Rd4 45. Ke3 Re4+ 46. Kd2 Rd4 47.
Ke3 Rc4 48. Kd2 Ne4+ 49. Ke3 Nc5 50. Nf4 Re4+ 51. Kf3 Ne6 52. Nxe6 Rxe6 53. Ra4
Re4 54. Ra6 Re6 55. Ra4 Re4 56. Ra6 Re6 1/2-1/2

[Event "GCT 2021 Parigi - Blitz"]
[Site "Parigi"]
[Date "21.06.2021"]
[Round "4B"]
[White "Rapport, Richard"]
[Black "Kramnik, Vladimir"]
[Result "1-0"]
[WhiteTitle "GM"]
[BlackTitle "GM"]
[WhiteElo "2763"]
[BlackElo "2753"]
[WhiteFideId "738590"]
[BlackFideId "4101588"]
[EventDate "2021.06.21"]

1. Nf3 Nf6 2. g3 b5 3. d4 e6 4. Bg5 Bb7 5. Nbd2 Be7 6. e3 a6 7. Nb3 d6 8. Na5
Be4 9. Bd3 Bxd3 10. cxd3 c5 11. Qd2 O-O 12. Rc1 Qb6 13. O-O Nbd7 14. Rc2 Bd8 15.
Bxf6 Nxf6 16. Nb3 Qb7 17. Qe2 cxd4 18. Nfxd4 Bb6 19. Rfc1 Nd5 20. Nc6 f5 21. Qf3
Qd7 22. a3 Kh8 23. Nb4 Ne7 24. Nc6 Ng6 25. d4 e5 26. dxe5 dxe5 27. Rd2 Qf7 28.
Qd5 Qxd5 29. Rxd5 f4 30. Rc3 fxe3 31. fxe3 Rac8 32. Rd6 Rf6 33. Rxf6 gxf6 34.
Kg2 Bxe3 35. Kf3 Bg1 36. h4 Kg7 37. h5 Nf8 38. Kg2 Bb6 39. Nd2 Ne6 40. Ne4 Rc7
41. Nd6 Kf8 42. Nf5 Kf7 1-0

[Event "GCT 2021 Parigi - Blitz"]
[Site "Parigi"]
[Date "21.06.2021"]
[Round "4B"]
[White "So, Wesley"]
[Black "Svidler, Peter"]
[Result "1/2-1/2"]
[WhiteTitle "GM"]
[BlackTitle "GM"]
[WhiteElo "2770"]
[BlackElo "2714"]
[WhiteFideId "5202213"]
[BlackFideId "4102142"]
[EventDate "2021.06.21"]

1. Nf3 Nf6 2. c4 c5 3. Nc3 d5 4. cxd5 Nxd5 5. e4 Nb4 6. Bc4 Nd3+ 7. Ke2 Nf4+ 8.
Kf1 Ne6 9. h4 h5 10. b4 g6 11. bxc5 Bg7 12. Bxe6 Bxe6 13. d4 Nc6 14. Be3 Qa5 15.
Ne2 Bc4 16. Kg1 Rd8 17. Ng3 Nxd4 18. Nxd4 Bxd4 19. Bxd4 e5 20. Qc1 Rxd4 21. c6
bxc6 22. Qg5 Qc7 23. Qf6 O-O 24. Nxh5 gxh5 25. Qg5+ Kh7 26. Qxh5+ Kg8 27. Qg5+
Kh7 28. Qf5+ Kh8 29. Qh5+ Kg8 30. Qg5+ 1/2-1/2

[Event "GCT 2021 Parigi - Blitz"]
[Site "Parigi"]
[Date "21.06.2021"]
[Round "4B"]
[White "Nepomniachtchi, I"]
[Black "Vachier-Lagrave, M"]
[Result "1/2"]
[WhiteTitle "GM"]
[BlackTitle "GM"]
[WhiteElo "2792"]
[BlackElo "2760"]
[WhiteFideId "4168119"]
[BlackFideId "623539"]
[EventDate "2021.06.21"]

1. b3 Nf6 2. Bb2 g6 3. g3 Bg7 4. Bg2 O-O 5. c4 d6 6. d4 e5 7. dxe5 Ng4 8. Nf3
Nxe5 9. Nxe5 dxe5 10. O-O c6 11. Nc3 Qe7 12. Qc1 Na6 13. Rd1 Bf5 14. Na4 Rfd8
15. Qc3 Bg4 16. Bf3 Bxf3 17. exf3 Nc7 18. Qe3 b6 19. Re1 Re8 20. Rad1 Rad8 21.
Qe4 c5 22. Nc3 Rxd1 23. Rxd1 Ne6 24. Nd5 Qd8 25. Re1 Nd4 26. Kg2 Re6 27. Qd3 h5
28. h4 Nc6 29. Qe3 e4 30. Bxg7 exf3+ 31. Qxf3 Rxe1 32. Bc3 Nd4 33. Qf6 Re8 34.
Bxd4 cxd4 35. Qxd4 Re6 36. a4 a5 37. Kh2 Qd6 38. Kg2 f6 39. Qd3 Kf7 40. Qf3 Qc6
41. Qf4 Kg7 42. Qb8 Rd6 43. Kh2 Rd7 44. Qe8 Qd6 45. Qc8 Rf7 46. Kg2 Qe5 47. Nf4
Qe4+ 48. Kh2 Re7 49. Nd5 Qf3 50. Nxe7 Qxf2+ 51. Kh3 Qf1+ 52. Kh2 Qf2+ 53. Kh3
Qf1+ 54. Kh2 Qf2+ 1/2-1/2

[Event "GCT 2021 Parigi - Blitz"]
[Site "Parigi"]
[Date "21.06.2021"]
[Round "4B"]
[White "Caruana, Fabiano"]
[Black "Radjabov, Teimour"]
[Result "0-1"]
[WhiteTitle "GM"]
[BlackTitle "GM"]
[WhiteElo "2820"]
[BlackElo "2765"]
[WhiteFideId "2020009"]
[BlackFideId "13400924"]
[EventDate "2021.06.21"]

1. d4 Nf6 2. c4 g6 3. Nf3 Bg7 4. e3 O-O 5. Be2 d6 6. O-O Nbd7 7. Nc3 e5 8. Qc2
Re8 9. Rd1 Qe7 10. b4 e4 11. Nd2 Nf8 12. Bb2 Bf5 13. h3 h5 14. Nb3 g5 15. d5 Bg6
16. c5 N8d7 17. Nb5 Rec8 18. Na5 a6 19. c6 bxc6 20. Nxc6 Qe8 21. Nba7 g4 22.
Nxc8 Rxc8 23. hxg4 hxg4 24. Bxa6 Ra8 25. Bb7 g3 26. fxg3 Ng4 27. Bxg7 Kxg7 28.
Qc3+ Ndf6 29. Kf1 Qh8 30. Ke2 Qh2 31. Rd2 Bh5 32. Kd1 Ra3 33. Qxa3 Nxe3+ 34. Kc1
Qg1+ 35. Kb2 Nc4+ 36. Kc3 Qe3+ 37. Kxc4 Qxa3 38. Nd4 Bg6 39. Nb3 Nd7 40. Kb5 e3
41. Rd4 Ne5 42. Re1 Bf5 43. Rxe3 Bd7+ 44. Bc6 Bc8 45. Na5 0-1

[Event "GCT 2021 Parigi - Blitz"]
[Site "Parigi"]
[Date "21.06.2021"]
[Round "5B"]
[White "Radjabov, Teimour"]
[Black "Rapport, Richard"]
[Result "1/2-1/2"]
[WhiteTitle "GM"]
[BlackTitle "GM"]
[WhiteElo "2765"]
[BlackElo "2763"]
[WhiteFideId "13400924"]
[BlackFideId "738590"]
[EventDate "2021.06.21"]

1. Nf3 Nf6 2. c4 b6 3. g3 Bb7 4. d4 g6 5. Bg2 Bg7 6. Nc3 Ne4 7. Nxe4 Bxe4 8. O-O
O-O 9. Be3 d6 10. Qd2 Nd7 11. Rac1 c5 12. Rfd1 Re8 13. Bh6 Nf6 14. Bxg7 Kxg7 15.
Qc3 Qc7 16. b3 Qb7 17. d5 b5 18. Nd2 Bxg2 19. Kxg2 b4 20. Qf3 a5 21. e4 a4 22.
Qf4 axb3 23. axb3 e5 24. dxe6 Rxe6 25. f3 Ra2 26. Ra1 Qa7 27. Rxa2 Qxa2 28. Qe3
Qc2 29. Rf1 d5 30. Rf2 Qc3 31. Qxc5 dxe4 32. Nxe4 Rxe4 33. fxe4 Nxe4 34. Rxf7+
Kxf7 35. Qd5+ Kg7 36. Qxe4 Qxb3 37. Qe7+ Kg8 38. Qe8+ Kg7 39. Qe7+ Kg8 40. Qe8+
Kg7 41. Qe7+ 1/2-1/2

[Event "GCT 2021 Parigi - Blitz"]
[Site "Parigi"]
[Date "21.06.2021"]
[Round "5B"]
[White "Vachier-Lagrave, Maxime"]
[Black "Caruana, Fabiano"]
[Result "1-0"]
[WhiteTitle "GM"]
[BlackTitle "GM"]
[WhiteElo "2760"]
[BlackElo "2820"]
[WhiteFideId "623539"]
[BlackFideId "2020009"]
[EventDate "2021.06.21"]

1. e4 e5 2. Nf3 Nc6 3. Bb5 a6 4. Ba4 Nf6 5. O-O Bc5 6. c3 b5 7. Bb3 d6 8. a4 Bg4
9. h3 Bh5 10. d3 O-O 11. Nbd2 b4 12. Re1 Rb8 13. Bc2 Re8 14. Nf1 d5 15. Ng3 Bg6
16. a5 bxc3 17. bxc3 Na7 18. Ba4 c6 19. Qc2 dxe4 20. dxe4 Nb5 21. Bg5 h6 22. Bh4
Qe7 23. Rad1 Qe6 24. Re2 Na3 25. Qd3 Nb5 26. Rb2 Qe7 27. Rbd2 Qe6 28. Kh2 Nh5
29. Nxh5 Bxh5 30. g4 Bg6 31. Bg3 f6 32. Nh4 Bf7 33. Nf5 Kh7 34. Qf3 Rb7 35. Bc2
Na3 36. Bd3 Nb5 37. Be2 Rc7 38. h4 Qb3 39. Rd7 Rec8 40. g5 Nxc3 41. R7d3 Bb4 42.
Nxg7 Kxg7 43. Qxf6+ Kf8 44. Bxe5 Qe6 45. Qg7+ Ke8 46. Bxc7 Be7 47. Qh8+ Bg8 48.
Qxc3 Rxc7 49. Bh5+ Kf8 50. Rf3+ 1-0

[Event "GCT 2021 Parigi - Blitz"]
[Site "Parigi"]
[Date "21.06.2021"]
[Round "5B"]
[White "Svidler, Peter"]
[Black "Nepomniachtchi, Ian"]
[Result "1/2-1/2"]
[WhiteTitle "GM"]
[BlackTitle "GM"]
[WhiteElo "2714"]
[BlackElo "2792"]
[WhiteFideId "4102142"]
[BlackFideId "4168119"]
[EventDate "2021.06.21"]

1. c4 e6 2. g3 Nf6 3. Bg2 d5 4. Nf3 dxc4 5. Qa4+ Nbd7 6. Qxc4 a6 7. Qc2 c5 8.
Nc3 Qc7 9. d4 b6 10. Bf4 Bd6 11. Bxd6 Qxd6 12. O-O Bb7 13. Rfd1 O-O 14. e4 cxd4
15. Nxd4 Qc7 16. Rac1 Rac8 17. f4 Rfd8 18. e5 Ng4 19. Bxb7 Qxb7 20. Qe2 h5 21.
h3 Nh6 22. Qxh5 Nc5 23. Qf3 Qxf3 24. Nxf3 Nf5 25. Ne2 Ne3 26. Rxd8+ Rxd8 27. b4
Ne4 28. g4 b5 29. Ned4 Nd5 30. f5 exf5 31. gxf5 Nxb4 32. Rc7 Nd5 33. Ra7 Nf4 34.
Rxa6 Nxh3+ 35. Kh2 Nf4 36. e6 fxe6 37. Nxe6 Nxe6 38. Rxe6 Nd2 39. Kg2 Nxf3 40.
Kxf3 Ra8 41. Rb6 Rxa2 42. Rxb5 Ra6 43. Kf4 g6 44. fxg6 Rxg6 45. Rg5 Kh7 46. Rxg6
Kxg6 1/2-1/2

[Event "GCT 2021 Parigi - Blitz"]
[Site "Parigi"]
[Date "21.06.2021"]
[Round "5B"]
[White "Aronian, Levon"]
[Black "So, Wesley"]
[Result "1-0"]
[WhiteTitle "GM"]
[BlackTitle "GM"]
[WhiteElo "2781"]
[BlackElo "2770"]
[WhiteFideId "13300474"]
[BlackFideId "5202213"]
[EventDate "2021.06.21"]

1. e4 e5 2. Nf3 Nc6 3. Bc4 Bc5 4. d3 Nf6 5. O-O h6 6. c3 d6 7. Re1 O-O 8. Nbd2
Bb6 9. Bb3 a5 10. Nf1 Be6 11. Bc2 d5 12. exd5 Qxd5 13. Bb3 Qd6 14. Bxe6 Qxe6 15.
d4 Rad8 16. Qc2 Nd7 17. Bf4 f6 18. a3 Qg4 19. Be3 exd4 20. cxd4 Rfe8 21. Rad1
Ne7 22. d5 Kh8 23. d6 cxd6 24. Rxd6 Nc8 25. Rd2 Qh5 26. Red1 Ne5 27. Rxd8 Nxf3+
28. gxf3 1-0

[Event "GCT 2021 Parigi - Blitz"]
[Site "Parigi"]
[Date "21.06.2021"]
[Round "5B"]
[White "Kramnik, Vladimir"]
[Black "Firouzja, Alireza"]
[Result "0-1"]
[WhiteTitle "GM"]
[BlackTitle "GM"]
[WhiteElo "2753"]
[BlackElo "2759"]
[WhiteFideId "4101588"]
[BlackFideId "12573981"]
[EventDate "2021.06.21"]

1. e4 c5 2. Nf3 d6 3. d4 cxd4 4. Nxd4 Nf6 5. Nc3 a6 6. a4 g6 7. Be2 Bg7 8. O-O
O-O 9. Be3 Nc6 10. Qd2 Bd7 11. Rfd1 Rc8 12. f3 Re8 13. Bf1 Ne5 14. b3 Qa5 15.
Nce2 Qxd2 16. Bxd2 d5 17. exd5 Nxd5 18. c4 Nf6 19. a5 Nd3 20. Bc3 Nc5 21. b4 Na4
22. c5 Nd5 23. Bd2 Nb2 24. Rdb1 Nc4 25. Ra2 e5 26. Nb3 Bf5 27. Rd1 Nxd2 28.
Raxd2 Nxb4 29. Ng3 Be6 30. Rb1 f5 31. Nc1 Bh6 32. Rd6 Be3+ 33. Kh1 Bxc5 34. Rxe6
Rxe6 35. Bc4 Kf7 36. Nce2 Be7 37. Bxe6+ Kxe6 38. h3 Rc2 39. Re1 Kf7 40. Nc1 Bh4
41. Nce2 f4 42. Rb1 Bxg3 0-1